Normale Ansicht MARC-Ansicht ISBD

Freiheit : (Titelsatznr. 49167)

[ MARC ]
MARC-Details
000 -Satzkennung
Kontrollfeld mit fester Länge 00721nam a22002291c 4500
001 - Kontrollnummer
Kontrollfeld a987689118
008 - Feld mit fester Länge zur physischen Beschreibung - Allgemeine Angaben
Kontrollfeld mit fester Länge 180306s1975 gw |||| 000u ger d
020 ## - Internationale Standardbuchnummer
Internationale Standardbuchnummer 3590181125
Verknüpfung 3-590-18112-5
041 ## - Sprachcode
Sprachcode des Textes/der Tonspur oder des separaten Titels ger
040 ## - Katalogisierungsquelle
Übertragungsstelle RU-10907106
003 - Kontrollnummer Identifier
Kontrollfeld RU-10907106
100 1# - Haupteintragung - Personenname
Personenname Schlumbohm, Jürgen
245 00 - Titel
Titel Freiheit :
Zusatz zum Titel die Anfänge der bürgerlichen Emanzipationsbewegung in Deutschland im Spiegel ihres Leitwortes (ca. 1760 - ca. 1800)
264 ## - Produktion, Veröffentlichung, Distribution, Herstellung und Urheberrechtsvermerk
Herstellungs-, Veröffentlichungs- Vertriebs-, Erzeugungsort Düsseldorf :
Produzent, Herausgeber, Distributor, Hersteller Schwann,
Datum der Herstellung, der Veröffentlichung, des Vertriebs oder des Urheberschutzvermerks 1975
490 #0 - Gesamttitelangabe
Gesamttitelangabe Geschichte und Gesellschaft : bochumer historische Studien
Bandnummer/Folgebezeichnung 12
500 ## - Allgemeine Fußnote
Allgemeine Fußnote Zugl: Bochum, Diss. 1971
650 #0 - Nebeneintragung unter einem Schlagwort - Sachschlagwort
Sachschlagwort oder geografischer Name als Eintragungselement Bürgertum
650 #0 - Nebeneintragung unter einem Schlagwort - Sachschlagwort
Sachschlagwort oder geografischer Name als Eintragungselement Emanzipation
650 #0 - Nebeneintragung unter einem Schlagwort - Sachschlagwort
Sachschlagwort oder geografischer Name als Eintragungselement Freiheit
651 #0 - Nebeneintragung unter einem Schlagwort - Geografischer Name
Geografischer Name Deutschland
942 ## - Zusätzliche Felder (Koha)
Koha-Medientyp Monographien
Exemplare
Ausgeschieden Verloren Klassifikation oder Aufstellungssystematik Beschädigt Nicht entleihbar Heimatbibliothek Aufenthaltsbibliothek Aufstellungsort Erwerbungsdatum Inventarnummer Signatur Barcode Letzte Aktivität Preis gültig von Koha-Medientyp
    Andere/Generische Klassifikation     MWN Osteuropa MWN Osteuropa Lesesaal - 1 06/03/2018 18-00414 Ersatzß D 34 eh Schlu E004015073CA6995 23/02/2021 22/03/2021 Monographien